Linear programming and network flows / (Record no. 29534)
[ view plain ]
| 000 -LEADER | |
|---|---|
| fixed length control field | 00519 a2200181 4500 |
| 003 - CONTROL NUMBER IDENTIFIER | |
| control field | NUST |
| 005 - DATE AND TIME OF LATEST TRANSACTION | |
| control field | 20180118140415.0 |
| 008 - FIXED-LENGTH DATA ELEMENTS--GENERAL INFORMATION | |
| fixed length control field | 180118b xxu||||| |||| 00| 0 eng d |
| 020 ## - INTERNATIONAL STANDARD BOOK NUMBER | |
| International Standard Book Number | 0471485993 |
| 020 ## - INTERNATIONAL STANDARD BOOK NUMBER | |
| International Standard Book Number | 9780471485995 |
| 082 ## - DEWEY DECIMAL CLASSIFICATION NUMBER | |
| Classification number | 519.72 |
| 100 1# - MAIN ENTRY--PERSONAL NAME | |
| Personal name | Bazaraa, Mokhtar S. |
| 9 (RLIN) | 8787 |
| 245 10 - TITLE STATEMENT | |
| Title | Linear programming and network flows / |
| Statement of responsibility, etc. | Mokhtar S. Bazaraa, John J. Jarvis, Hanif D. Sherali. |
| 250 ## - EDITION STATEMENT | |
| Edition statement | 3rd ed. |
| 260 ## - PUBLICATION, DISTRIBUTION, ETC. | |
| Place of publication, distribution, etc. | [S.l.] : |
| Name of publisher, distributor, etc. | Wiley-Interscience, |
| Date of publication, distribution, etc. | 2004. |
| 300 ## - PHYSICAL DESCRIPTION | |
| Extent | 744 p. ; |
| Dimensions | 24 cm. |
| 700 1# - ADDED ENTRY--PERSONAL NAME | |
| Personal name | Jarvis, John J. |
| 9 (RLIN) | 8788 |
| 700 1# - ADDED ENTRY--PERSONAL NAME | |
| Personal name | Sherali, Hanif D. |
| 9 (RLIN) | 8789 |
| 942 ## - ADDED ENTRY ELEMENTS (KOHA) | |
| Institution code [OBSOLETE] | SNS |
| Koha item type | Book |
| Call number prefix | 519.72 BAZ |
| Source of classification or shelving scheme | |
| Withdrawn status | Lost status | Damaged status | Not for loan | Permanent Location | Current Location | Date acquired | Total Checkouts | Total Renewals | Full call number | Barcode | Date last seen | Date last checked out | Price effective from | Koha item type |
|---|---|---|---|---|---|---|---|---|---|---|---|---|---|---|
| School of Natural Sciences (SNS) | School of Natural Sciences (SNS) | 05/26/2016 | 1 | 1 | 519.72 BAZ | SNS0001082 | 08/29/2019 | 09/16/2018 | 05/26/2016 | Book |
